000 01780nmm a22003374i 4500
001 35186
003 DO-SdISF
005 20250506133632.0
007 ta
008 240529s2025 dr ||||fo||d| 00| 0 spa d
040 _aDO-SdISF
_bspa
_erda
100 1 _aTorres Gómez, Edward José
_eautor
_934131
245 1 0 _aEstilos de vida saludables de los estudiantes del nivel secundario de 14 a 17 años, pertenecientes en el distrito educativo 09-03, año escolar 2023-2024 /
_csustentada por: Edward José Torres Gómez ; asesor: Luis Miguel Pacheco Ferreira
264 1 _aSantiago de los Caballeros :
_bISFODOSU,
_c2025
300 _a1 recurso en línea (97 páginas) :
_bilustraciones
336 _2rdacontent
_atexto
_btxt
337 _aComputadora
_bc
_2rdamedia
338 _arecurso en línea
_bcr
_2rdacarrier
347 _2rda
_aarchivo de texto
_bPDF
502 _aTesis para optar por el título de Maestría en Educación Física Integral - Instituto Superior de Formación Docente Salomé Ureña - ISFODOSU, Recinto LNNM, 2025.
504 _aReferencias bibliográficas en página 57.
505 2 _aIntroducción -- Marco teórico -- La metodología -- Resultados -- Discusión de los resultados -- Conclusiones -- Recomendaciones -- Anexos.
610 2 4 _aInstituto Superior de Formación Docente Salomé Ureña
_vTesis
_2armarc
_920677
650 1 4 _aSalud escolar
_99464
650 1 7 _aEstilos de vida
_920982
650 1 7 _aEducación secundaria
_xEstudiantes
_2armarc
_zRepública Dominicana
_925658
650 1 7 _aEstilos de vida
_920982
700 1 _aPacheco Ferreira, Luis Miguel
_931269
_easesor
856 _yClic para ver Texto Completo
_uhttps://biblioteca.isfodosu.edu.do/cgi-bin/koha/opac-retrieve-file.pl?id=ff36f840bc7cbecd03ac61aae370f21d
942 _2LOC
_cTESIS
999 _c13426
_d13426